Memorias del taller : mujer centroamericana, violencia y guerra mujer centroamericana, violencia y guerra /
Este documento presenta las memorias del taller Mujer Centroamericana, Guerra y Violencia, llevado a cabo en México en 1987 en el mismo participaron Costa Rica, El Salvador, Guatemala, Honduras y Nicaragua. Esta reseña sigue el orden cronológico de las actividades del taller: Mujer y feminismo como...
Saved in:
| Format: | Text |
|---|---|
| Language: | Spanish |
| Subjects: | |
| Tags: |
Add Tag
No Tags, Be the first to tag this record!
|
MARC
| LEADER | 00000 a a2200000 04500 | ||
|---|---|---|---|
| 001 | 35755 | ||
| 003 | cru CIDCACS/IIS | ||
| 005 | 20170818142601.0 | ||
| 008 | 170818b xxu||||| |||| 00| 0 spa d | ||
| 999 | |c 8603 |d 8603 | ||
| 040 | |c CIDCACS/IIS | ||
| 090 | |a 05.03.01 M533m | ||
| 245 | |a Memorias del taller : mujer centroamericana, violencia y guerra |b mujer centroamericana, violencia y guerra / | ||
| 300 | |a 158 páginas | ||
| 520 | |a Este documento presenta las memorias del taller Mujer Centroamericana, Guerra y Violencia, llevado a cabo en México en 1987 en el mismo participaron Costa Rica, El Salvador, Guatemala, Honduras y Nicaragua. Esta reseña sigue el orden cronológico de las actividades del taller: Mujer y feminismo como primer tema, luego Mujer, Política y Organización, posteriormente Mujer y Solidaridad así como las conclusiones del taller | ||
| 650 | |a MUJER | ||
| 650 | |a VIOLENCIA | ||
| 650 | |a TALLER | ||
| 650 | |a AMERICA CENTRAL | ||
| 942 | |2 ddc |c LI | ||
